| 000 | 00453nam a22001577a 4500 | ||
|---|---|---|---|
| 003 | macl | ||
| 005 | 20250730144005.0 | ||
| 008 | 250730b |||||||| |||| 00| 0 eng d | ||
| 040 | _cmacl | ||
| 082 | _a891.432/D/PRE | ||
| 100 |
_aप्रेमचन् द _983214 |
||
| 245 | _aकर्बला | ||
| 260 |
_aदिल्ली _bलोकभारती पेपरबैक्स _c2024 |
||
| 650 | _aनाटक | ||
| 942 |
_2ddc _cBK |
||
| 999 |
_c68010 _d68010 |
||